• 首页
  • 本馆介绍
  • 公告通知
  • 最新文献
  • 馆藏检索
  • 电子资源
  • 读者导购
  • 参考咨询
  • 我的图书馆
  • 登录
  • 详细信息显示
  • 放入我的书架
  • 预约/预借图书
  • 作者相关作品
  • 分类相关作品
  • 丛书相关作品
  • 出版社相关作品

书目信息

  • 表格格式
  • 工作单格式
  • 卡片格式
题名:
道桥工程CAD制图
    
 
作者: 蔡明宏 , 毛久群 , 李钧 主编
分册:  
出版信息: 延吉   延边大学出版社  2019
页数: 187页
开本: 26cm
丛书名:
单 册:
中图分类: U412.5-39 , U442.6-39 , U412.5
科图分类:
主题词: 道路工程--工程制图--AutoCAD软件 , 桥梁工程--工程制图--AutoCAD软件
电子资源:
ISBN: 978-7-5688-6839-6
000 00964nam0 2200277 450
001 2340365092
005 20231207111252.90
010    @a978-7-5688-6839-6@dCNY58.00
100    @a20200602d2019 em y0chiy50 ea
101 0  @achi
102    @aCN@b220000
105    @aa z 000yy
200 1  @a道桥工程CAD制图@Adao qiao gong cheng CAD zhi tu@f蔡明宏,毛久群,李钧主编
210    @a延吉@c延边大学出版社@d2019
215    @a187页@d26cm
330    @a本书介绍了AutoCAD的基本功能、绘图的思路、方法和技巧,强调其实用性和可操作性,同时重点讲解绘制道路、桥梁、涵洞、隧道工程图的基本原理和方法、绘图步骤及大量绘图技巧。
606 0  @a道路工程@x工程制图@xAutoCAD软件
606 0  @a桥梁工程@x工程制图@xAutoCAD软件
690    @aU412.5-39@v5
690    @aU442.6-39@v5
690    @aU412.5@v4
701  0 @a蔡明宏@Acai ming hong@4主编
701  0 @a毛久群@Amao jiu qun@4主编
701  0 @a李钧@Ali jun@4主编
801  0 @aCN@b91MARC@c20200604
905    @aZUCC@dU412.5@e4
    
    道桥工程CAD制图/蔡明宏,毛久群,李钧主编.-延吉:延边大学出版社,2019
    187页;26cm
    
    
    ISBN 978-7-5688-6839-6:CNY58.00
    本书介绍了AutoCAD的基本功能、绘图的思路、方法和技巧,强调其实用性和可操作性,同时重点讲解绘制道路、桥梁、涵洞、隧道工程图的基本原理和方法、绘图步骤及大量绘图技巧。
●
相关链接 在五车中查询图书 在当当中查询图书 在豆瓣中查询图书


正题名:道桥工程CAD制图     索取号:U412.5/4         预约/预借

序号 登录号 条形码 馆藏地/架位号 状态 备注
1 2001272395   2001272395   辽宁北方(第一批)/辽宁北方(第一批)/425/ [索取号:U412.5/4] 在馆    
2 2001272396   2001272396   辽宁北方(第一批)/辽宁北方(第一批)/425/ [索取号:U412.5/4] 在馆    
3 2001272397   2001272397   辽宁北方(第一批)/辽宁北方(第一批)/425/ [索取号:U412.5/4] 在馆    
4 2001272398   2001272398   辽宁北方(第一批)/辽宁北方(第一批)/425/ [索取号:U412.5/4] 在馆    
5 2001272399   2001272399   辽宁北方(第一批)/辽宁北方(第一批)/425/ [索取号:U412.5/4] 在馆    
6 2001272400   2001272400   辽宁北方(第一批)/辽宁北方(第一批)/425/ [索取号:U412.5/4] 在馆    
山东省滨州职业学院图书馆 欢迎您!
大连网信软件有限公司© 版权所有